000 00313nam a22001337a 4500
008 170414b xxu||||| |||| 00| 0 eng d
020 _a9780815184553
041 _aeng
080 _26TH
_a612.39
100 _a10
101 _aSHM
245 _aNUTRITION IN INFANCY AND CHILDHOOD
_cTRAHMS, C,M
942 _2udc
_cBK
999 _c10807
_d10807